01218nam a22001457a 4500003000400000020001800004082001500022100001400037245004100051250000900092260003700101300000800138650001500146653091100161SGT a9788171980079 a658.01,GUP aGUPTA,C B aBUSINESS ORGANISATION AND MANAGEMENT a11TH aNEW DELHIbMAYUR PAPERBACKc2015 aV.P aMANAGEMENT aSPECTRUM OF BUSINESS ACTIVITIES, MANUFACTURING AND SERVICE SECTORS, GLOBALISATION, LIBERALISATION AND PRIVATISATION, MULTINATIONAL CORPORATIONS AND INDIAN TRANSNATIONALS, FRANCHISING AND NETWORK MARKETING, BUSINESS PROCESS OUTSOURCING, E-COMMERCE AND M-COMMERCE, PROCESS OF SETTING UP A BUSINESS ENTERPRISE, FORM OF BUSINESS OWNERSHIP, SMALL VENTURE ENTERPRISES, BUSINESS SIZE AND LOCATION DECISIONS, PLANT LAYOUT, MASS PRODUCTION AND MASS CUSTOMISATION, PRODUCTIVITY, QUALITY AND LOGISTICS, MARKETING AND CONSUMER BEHAVIOUR, FINANCIAL MANAGEMENT, HUMAN RESOURCE MANAGEMENT, APPROACHES TO MANAGEMENT, CONTEMPORARY MANAGEMENT THINKERS, STRATEGIC PLANNING, GROWTH STRATEGIES, DECISION – MAKING, CONTEMPORARY ORGANISATIONAL FORMATS, MOTIVATION, LEADERSHIP, COMMUNICATION, CONCEPT AND PROCESS OF CONTROL, MODERN CONTROL TECHNIQUES, MANAGEMENT OF STRATEGIC CHANGE, KNOWLEDGE MANAGEMENT, LEARNING ORGANISATION,